00651nam a2200205Ia 4500008004100000020001700041040001400058082002000072100001300092245002800105250001000133260003400143300001300177365002700190366000800217505002000225620014400245630002800389730002800417100315s9999 xx 000 0 und d a8172743114  cENGLISH  b3381 a382.6  aNabhi's  aHow To Export 1999-2000 a7th  aNew Delhi bNabhi  c1999  a160p.   eRupees d1 b80.00  f0  gTushar Jadhav  a"Golden Rules for Sucessful Exporting, Preliminaries for Starting Export Business, Registration of Exporters, appointing Overseas Agents " aHow To Export 1999-2000 aHow To Export 1999-2000